The Retail Market (Record no. 119056)
[ view plain ]
| 000 -LEADER | |
|---|---|
| fixed length control field | 00554cas a22001935a 4500 |
| 001 - CONTROL NUMBER | |
| control field | L138967 |
| 008 - FIXED-LENGTH DATA ELEMENTS--GENERAL INFORMATION | |
| fixed length control field | 070719d19881995xxkar p 0 a0eng u |
| 035 ## - SYSTEM CONTROL NUMBER | |
| System control number | (Sirsi) u138967 |
| 041 0# - LANGUAGE CODE | |
| Language code of text/sound track or separate title | eng |
| 240 ## - UNIFORM TITLE | |
| Uniform title | Estates Times Retail Review |
| 245 04 - TITLE STATEMENT | |
| Title | The Retail Market |
| Remainder of title | an Estates Times Supplement |
| 260 ## - PUBLICATION, DISTRIBUTION, ETC. | |
| Place of publication, distribution, etc. | London |
| Name of publisher, distributor, etc. | Estates Times |
| Date of publication, distribution, etc. | 1988-1995 |
| 362 0# - DATES OF PUBLICATION AND/OR SEQUENTIAL DESIGNATION | |
| Dates of publication and/or sequential designation | Winter 1988-27 October 1995 |
| 554 ## - | |
| -- | One per year |
| 651 #4 - SUBJECT ADDED ENTRY--GEOGRAPHIC NAME | |
| Geographic name | Europe |
| 690 ## - LOCAL SUBJECT ADDED ENTRY--TOPICAL TERM (OCLC, RLIN) | |
| Topical term or geographic name as entry element | PROPERTY-COMMERCIAL PROPERTY-RETAIL PROPERTY |
| 785 00 - SUCCEEDING ENTRY | |
| Title | Property Week |
| International Standard Serial Number | 0969-7594 |
| 942 ## - ADDED ENTRY ELEMENTS (KOHA) | |
| Suppress in OPAC | 0 |
| Withdrawn status | Lost status | Source of classification or shelving scheme | Damaged status | Not for loan | Home library | Current library | Shelving location | Date acquired | Total Checkouts | Full call number | Barcode | Date last seen | Price effective from | Koha item type |
|---|---|---|---|---|---|---|---|---|---|---|---|---|---|---|
| Dewey Decimal Classification | London | London | Gallery | 19/07/2007 | PROPERTY WEEK | 138967-1001 | 06/08/2019 | 06/08/2019 | Journal |